Paroles - Laissez moi danser Dalida - Statistiques

Statistiques générales
  • Ce quiz a été pris 464 fois
  • Le résultat moyen est 144 sur 206
Statistiques - réponses
Hint Réponse % Correct
danse
95%
1er couplet | 2e couplet | 3e couplet Moi
94%
moi
94%
mon
93%
à
91%
en
91%
je
91%
danser,
90%
danser
90%
le
90%
et
89%
de
88%
(intro) Monday
88%
Refrain | refrain laissez-moi
87%
laissez- moi
87%
vis
87%
d'amour
86%
chanter
85%
comme
85%
si
85%
tout
85%
Tuesday
85%
tuesday
85%
liberté
84%
l'été
82%
I
81%
i
81%
j'étais
81%
vacances
79%
Day
77%
les
75%
sans
71%
du
69%
just
69%
it's
68%
problèmes
68%
temps
68%
rêve
67%
another
66%
bout
66%
étaient
66%
j'ai
66%
mes
66%
jusqu'au
65%
l'encre
65%
aller
64%
histoire
64%
d'écrire
62%
bleue
61%
éternelle
61%
mémoires
61%
nouvelles
61%
rien
61%
dire
57%
morning
57%
rire
55%
y
55%
after
53%
avait
53%
ça
51%
équilibre
51%
pas
49%
libre
47%
quand
46%
vivre
45%
feel
43%
dancing
42%
like
42%
appris
41%
tourne
40%
disque
39%
viens
39%
n'va
38%
vais,
36%
along
33%
only
33%
song
32%
away
29%
every
28%
with
28%
risque
27%
life
26%
living
26%
slips
15%
Aucun quiz correspondant
Distribution des résultats
% des personnes avec chaque résultat
Percentile par nombre de réponses
Votre historique - résultats
Vous n’avez pas pris ce quiz